000
00316nam a2200133Ia 4500
008
220204s9999 xx 000 0 und d
082
_a
347.715
_b
MAL
100
_a
Malik, P L
245
0
_a
Industrial law
250
_a
Ed.12 & 13
260
_a
Lucknow
_b
Eastern book
_c
1980
650
_a
Industrial law
942
_c
BK
999
_c
35593
_d
35593